Capitales mondiales les plus proches de Kiev - Statistiques

Statistiques générales
  • Ce quiz a été pris 121 fois
  • Le résultat moyen est 14 sur 20
Statistiques - réponses
km ville % Correct
758 Moscou
98%
746 Bucarest
89%
436 Minsk
87%
691 Varsovie
86%
898 Budapest
84%
1023 Sofia
79%
837 Riga
78%
591 Vilnius
77%
1144 Prague
75%
980 Belgrade
70%
400 Chișinău
70%
1055 Vienne
70%
1007 Bratislava
67%
1186 Ankara
65%
1066 Tallinn
62%
1194 Zagreb
60%
1137 Helsinki
56%
1124 Pristina
54%
1168 Skopje
54%
1172 Sarajevo
52%
Aucun quiz correspondant
Distribution des résultats
% des personnes avec chaque résultat
Percentile par nombre de réponses
Votre historique - résultats
Vous n’avez pas pris ce quiz